Normal view
MARC view
- MICROWAVES MICROWAVES DEVICES
Entry Topical Term
001 - CONTROL NUMBER
- control field: 73850
003 - CONTROL NUMBER IDENTIFIER
- control field: NUST
005 - DATE AND TIME OF LATEST TRANSACTION
- control field: 20210628205107.0
008 - FIXED-LENGTH DATA ELEMENTS
- fixed length control field: 210628|| aca||aabn | a|a d
040 ## - CATALOGING SOURCE
- Original cataloging agency: NUST
- Transcribing agency: NUST
150 ## - HEADING--TOPICAL TERM
- Topical term or geographic name entry element: MICROWAVES MICROWAVES DEVICES
670 ## - SOURCE DATA FOUND
- Source citation: Work cat.: (NUST): Swegle, John Benford, James 73849, High power microwaves, 1992
